Jewellery in the Cyprus Museum /
Saved in:
| Corporate Authors: | , |
|---|---|
| Other Authors: | , |
| Format: | Book |
| Language: | English |
| Published: |
Nicosia :
Republic of Cyprus, Ministry of Communications & Works, Dept. of Antiquities,
c1971.
|
| Series: | Picture book (Cyprus. Tmēma Archaiotētōn) ;
no. 5. |
| Subjects: | |
| Tags: |
Add Tag
No Tags, Be the first to tag this record!
|
| LEADER | 01504cam a2200361 i 4500 | ||
|---|---|---|---|
| 001 | 005227364-4 | ||
| 005 | 20090712201751.0 | ||
| 008 | 750805s1971 cy af bc f000 0 eng | ||
| 010 | |a 75320367 //r92 | ||
| 035 | 0 | |a ocm00253133 | |
| 035 | 0 | |a ocm01584681 | |
| 040 | |a DLC |c DLC |d HFL | ||
| 043 | |a a-cy--- | ||
| 050 | 0 | 0 | |a NK7373.6.C9 |b N52 |
| 082 | 0 | 0 | |a 739.27/09393/7074095645 |
| 110 | 1 | |a Nicosia (Cyprus). |b Kypriakon Mouseion. | |
| 245 | 1 | 0 | |a Jewellery in the Cyprus Museum / |c [Angeliki Pierides, assistant curator, Cyprus Museum]. |
| 260 | |a Nicosia : |b Republic of Cyprus, Ministry of Communications & Works, Dept. of Antiquities, |c c1971. | ||
| 300 | |a 59 p., [20] leaves of plates : |b ill. (some col.) ; |c 32 cm. | ||
| 490 | 1 | |a Picture book - Republic of Cyprus, Department of Antiquities ; |v no. 5 | |
| 504 | |a Bibliography: p. 8. | ||
| 610 | 1 | 0 | |a Nicosia (Cyprus). |b Kypriakon Mouseion. |
| 650 | 0 | |a Jewelry, Ancient |z Cyprus |v Catalogs. | |
| 650 | 0 | |a Jewelry |z Cyprus |z Nicosia |v Catalogs. | |
| 610 | 2 | 0 | |a Kypriakon Mouseion (Cyprus) |
| 655 | 7 | |a Catalogs. |2 fast | |
| 700 | 1 | |a Pieridou, Angelikē G. | |
| 710 | 1 | |a Cyprus. |b Tmēma Archaiotētōn. | |
| 700 | 1 | |a Pieridou, Angeliki G. | |
| 776 | 0 | 8 | |i Online version: |a Kypriakon Mouseion (Cyprus). |t Jewellery in the Cyprus Museum. |d Nicosia : Republic of Cyprus, Ministry of Communications & Works, Dept. of Antiquities, ©1971 |w (OCoLC)778218934 |
| 830 | 0 | |a Picture book (Cyprus. Tmēma Archaiotētōn) ; |v no. 5. | |
| 988 | |a 20020608 | ||
| 906 | |0 DLC | ||


